000 00583nam a22002057a 4500
005 20161206111833.0
010 _aENG-116272
020 _a9788120352346
_c495.00
035 _aEN-99804
037 _bDBAD/PUB
082 _a530.2462
100 _aRaghuvanshi,G.S.
245 _aEngineering physics /
_cby G.S.Raghuvanshi
250 _a3rd ed
260 _aDelhi
_bPHI Learning
_c2016
270 _a111,Patparganj Industrial Eatate
_bDelhi
_e110092
300 _avii,540p. :
_bill
_c24cm(pbk)
500 _aIncludes index
942 _2ddc
_cEN
_h530.2462
_mRAG
999 _c104130
_d104130